LIBRARY & INFORMATION CENTRE, KCAET, TAVANUR

ONLINE PUBLIC ACCESS CATALOGUE (OPAC)

Office organisation and management / (Record no. 2203)

MARC details
000 -LEADER
fixed length control field 00490cam a2200193ua 4500
041 ## - LANGUAGE CODE
Language code of text/sound track or separate title eng
082 ## - DEWEY DECIMAL CLASSIFICATION NUMBER
Classification number 658.1
Item number SAH/ OF
100 ## - MAIN ENTRY--AUTHOR NAME
Personal name Sahni, S K .
245 ## - TITLE STATEMENT
Title Office organisation and management /
250 ## - EDITION STATEMENT
Edition statement 3 /
260 ## - PUBLICATION, DISTRIBUTION, ETC. (IMPRINT)
Place of publication New Delhi :
Name of publisher Oxford & IBH Publishing company ,
Year of publication 1982.
300 ## - PHYSICAL DESCRIPTION
Number of Pages 224 ; .
700 1# - ADDED ENTRY--PERSONAL NAME
Personal name Sundaresh, G S .
942 ## - ADDED ENTRY ELEMENTS (KOHA)
Koha item type Books
Holdings
Withdrawn status Lost status Damaged status Home library Current library Date acquired Full call number Accession Number Koha item type
      KAUAET KAUAET 01/09/1986 658.1 15529 Books
free website counter